The Strengths and Limits of the NGO Women's Movement Model: Shaping Nicaragua's Democratic Institutions /
Furkejuvvon:
| Váldodahkki: | |
|---|---|
| Materiálatiipa: | Texto |
| Fáttát: | |
| Fáddágilkorat: |
Lasit fáddágilkoriid
Eai fáddágilkorat, Lasit vuosttaš fáddágilkora!
|
MARC
| LEADER | 00000 a a2200000 04500 | ||
|---|---|---|---|
| 001 | 43213 | ||
| 003 | |||
| 040 | |||
| 100 | |a Ewig, Christina | ||
| 245 | |a The Strengths and Limits of the NGO Women's Movement Model: |b Shaping Nicaragua's Democratic Institutions / |c Christina Ewig | ||
| 650 | |a ORGANIZACIONES FEMENINAS | ||
| 650 | |a MUJERES | ||
| 650 | |a ORGANIZACIONES NO GUBERNAMENTALES | ||
| 650 | |a DEMOCRACIA | ||
| 650 | |a NICARAGUA | ||
| 773 | |g volumen34, número3 ( , 1999), páginas 75-102 | ||
| 999 | |c 31514 |d 31514 | ||
